<?xml version="1.0" encoding="UTF-8"?>
<record
    xmlns:xsi="http://www.w3.org/2001/XMLSchema-instance"
    xsi:schemaLocation="http://www.loc.gov/MARC21/slim http://www.loc.gov/standards/marcxml/schema/MARC21slim.xsd"
    xmlns="http://www.loc.gov/MARC21/slim">

  <leader>01545nam a2200181Ia 4500</leader>
  <controlfield tag="008">151202s9999||||xx |||||||||||||| ||und||</controlfield>
  <datafield tag="082" ind1=" " ind2=" ">
    <subfield code="b">PNVM-123359</subfield>
  </datafield>
  <datafield tag="100" ind1=" " ind2=" ">
    <subfield code="a">&#x915;&#x93E;&#x932;&#x93F;&#x926;&#x93E;&#x938;/&#x938;&#x902;&#x92A;&#x93E;-&#x92D;&#x91F;&#x94D;&#x91F;&#x93E;&#x91A;&#x93E;&#x930;&#x94D;&#x92F; &#x91C;&#x940;&#x935;&#x93E;&#x928;&#x902;&#x926; &#x935;&#x93F;&#x926;&#x94D;&#x92F;&#x93E;&#x938;&#x93E;&#x917;&#x930; &#x915;&#x94B;&#x932;&#x915;&#x93E;&#x924;&#x93E;.</subfield>
  </datafield>
  <datafield tag="245" ind1=" " ind2=" ">
    <subfield code="a">&#x930;&#x918;&#x941;&#x935;&#x902;&#x936;&#x92E;&#x94D; &#x92E;&#x932;&#x94D;&#x932;&#x940;&#x928;&#x93E;&#x925;&#x915;&#x943;&#x924; &#x938;&#x902;&#x91C;&#x940;&#x935;&#x928;&#x940;&#x91F;&#x940;&#x915;&#x93E;&#x938;&#x92E;&#x947;&#x924;&#x92E;&#x94D;&#x938;&#x902;&#x938;&#x94D;&#x915;&#x943;&#x924; &#x926;&#x94D;&#x935;&#x93F;&#x924;&#x940;&#x92F; &#x938;&#x902;&#x938;&#x94D;&#x915;&#x930;&#x923;&#x92E;&#x94D; &#x935;&#x902;&#x917;&#x93E;&#x915;&#x94D;&#x937;&#x930;&#x92E;&#x941;&#x926;&#x94D;&#x930;&#x923;&#x92E;&#x94D;.</subfield>
  </datafield>
  <datafield tag="260" ind1=" " ind2=" ">
    <subfield code="b">"&#x92D;&#x91F;&#x94D;&#x91F;&#x93E;&#x91A;&#x93E;&#x930;&#x94D;&#x92F; &#x91C;&#x940;&#x935;&#x93E;&#x928;&#x902;&#x926; &#x935;&#x93F;&#x926;&#x94D;&#x92F;&#x93E;&#x938;&#x93E;&#x917;&#x930;,&#x915;&#x94B;&#x932;&#x915;&#x93E;&#x924;&#x93E;."</subfield>
  </datafield>
  <datafield tag="260" ind1=" " ind2=" ">
    <subfield code="c">1880</subfield>
  </datafield>
  <datafield tag="300" ind1=" " ind2=" ">
    <subfield code="a">700</subfield>
  </datafield>
  <datafield tag="600" ind1=" " ind2=" ">
    <subfield code="a">&#x915;&#x93E;&#x932;&#x93F;&#x926;&#x93E;&#x938;/&#x938;&#x902;&#x92A;&#x93E;-&#x92D;&#x91F;&#x94D;&#x91F;&#x93E;&#x91A;&#x93E;&#x930;&#x94D;&#x92F; &#x91C;&#x940;&#x935;&#x93E;&#x928;&#x902;&#x926; &#x935;&#x93F;&#x926;&#x94D;&#x92F;&#x93E;&#x938;&#x93E;&#x917;&#x930; &#x915;&#x94B;&#x932;&#x915;&#x93E;&#x924;&#x93E;.</subfield>
  </datafield>
  <datafield tag="630" ind1=" " ind2=" ">
    <subfield code="a">&#x930;&#x918;&#x941;&#x935;&#x902;&#x936;&#x92E;&#x94D; &#x92E;&#x932;&#x94D;&#x932;&#x940;&#x928;&#x93E;&#x925;&#x915;&#x943;&#x924; &#x938;&#x902;&#x91C;&#x940;&#x935;&#x928;&#x940;&#x91F;&#x940;&#x915;&#x93E;&#x938;&#x92E;&#x947;&#x924;&#x92E;&#x94D;&#x938;&#x902;&#x938;&#x94D;&#x915;&#x943;&#x924; &#x926;&#x94D;&#x935;&#x93F;&#x924;&#x940;&#x92F; &#x938;&#x902;&#x938;&#x94D;&#x915;&#x930;&#x923;&#x92E;&#x94D; &#x935;&#x902;&#x917;&#x93E;&#x915;&#x94D;&#x937;&#x930;&#x92E;&#x941;&#x926;&#x94D;&#x930;&#x923;&#x92E;&#x94D;.</subfield>
  </datafield>
  <datafield tag="700" ind1=" " ind2=" ">
    <subfield code="a">&#x915;&#x93E;&#x932;&#x93F;&#x926;&#x93E;&#x938;/&#x938;&#x902;&#x92A;&#x93E;-&#x92D;&#x91F;&#x94D;&#x91F;&#x93E;&#x91A;&#x93E;&#x930;&#x94D;&#x92F; &#x91C;&#x940;&#x935;&#x93E;&#x928;&#x902;&#x926; &#x935;&#x93F;&#x926;&#x94D;&#x92F;&#x93E;&#x938;&#x93E;&#x917;&#x930; &#x915;&#x94B;&#x932;&#x915;&#x93E;&#x924;&#x93E;.</subfield>
  </datafield>
  <datafield tag="730" ind1=" " ind2=" ">
    <subfield code="a">&#x930;&#x918;&#x941;&#x935;&#x902;&#x936;&#x92E;&#x94D; &#x92E;&#x932;&#x94D;&#x932;&#x940;&#x928;&#x93E;&#x925;&#x915;&#x943;&#x924; &#x938;&#x902;&#x91C;&#x940;&#x935;&#x928;&#x940;&#x91F;&#x940;&#x915;&#x93E;&#x938;&#x92E;&#x947;&#x924;&#x92E;&#x94D;&#x938;&#x902;&#x938;&#x94D;&#x915;&#x943;&#x924; &#x926;&#x94D;&#x935;&#x93F;&#x924;&#x940;&#x92F; &#x938;&#x902;&#x938;&#x94D;&#x915;&#x930;&#x923;&#x92E;&#x94D; &#x935;&#x902;&#x917;&#x93E;&#x915;&#x94D;&#x937;&#x930;&#x92E;&#x941;&#x926;&#x94D;&#x930;&#x923;&#x92E;&#x94D;.</subfield>
  </datafield>
  <datafield tag="942" ind1=" " ind2=" ">
    <subfield code="c">BOOK</subfield>
  </datafield>
  <datafield tag="999" ind1=" " ind2=" ">
    <subfield code="c">1353488</subfield>
    <subfield code="d">1353485</subfield>
  </datafield>
  <datafield tag="952" ind1=" " ind2=" ">
    <subfield code="0">0</subfield>
    <subfield code="1">0</subfield>
    <subfield code="4">0</subfield>
    <subfield code="7">0</subfield>
    <subfield code="a">PNVM</subfield>
    <subfield code="b">PNVM</subfield>
    <subfield code="d">2015-06-21</subfield>
    <subfield code="g">0.00</subfield>
    <subfield code="l">0</subfield>
    <subfield code="o">PNVM-123359</subfield>
    <subfield code="p">PNVM-123359</subfield>
    <subfield code="r">2015-12-02 00:00:00</subfield>
    <subfield code="v">0.00</subfield>
    <subfield code="w">2015-12-02</subfield>
    <subfield code="y">BOOK</subfield>
  </datafield>
</record>
